000
00353nam a2200133Ia 4500
008
231129s9999||||xx |||||||||||||| ||spa||
020
_a
958-9005-06-3
040
_b
spa
082
_a
(i) 808.068543 F383r
100
_a
Ferreira Ana Elisa
245
0
_a
Retonitos
264
_a
Acosta y Frizzoti
942
_2
ddc
_c
BKS
999
_c
24052
_d
24052